UBT Library

Roleplaying in Psychotherapy (Record no. 53451)

000 -LEADER
fixed length control field 00272nam a22001217a 4500
008 - FIXED-LENGTH DATA ELEMENTS--GENERAL INFORMATION
fixed length control field 181218b xxu||||| |||| 00| 0 eng d
041 ## - LANGUAGE CODE
Language code of text/sound track or separate title eng
080 ## - UNIVERSAL DECIMAL CLASSIFICATION NUMBER
Universal Decimal Classification number 159.9
100 ## - Rafti
Rafti 49
101 ## - Shkurtesa
Shkurtesa PSI
245 ## - TITLE STATEMENT
Title Roleplaying in Psychotherapy
Statement of responsibility, etc Corsini, R.J
942 ## - ADDED ENTRY ELEMENTS (KOHA)
Source of classification or shelving scheme
Item type Books

No items available.

UBT Library © 2015-2024. All rights reserved University Education for Business and Technology